Εμπειρική διερεύνηση της αποταμιευτικής συμπεριφοράς και της ζήτησης καταθέσεων από τους ιδιώτες

Αποθηκεύτηκε σε:
Λεπτομέρειες βιβλιογραφικής εγγραφής
Κύριος συγγραφέας: Μπαλτάς, Νικόλαος Κ.
Άλλοι συγγραφείς: Δρούγκας, Βασίλειος Τ.
Μορφή: Βιβλίο
Γλώσσα:Greek
Δημοσίευση: Αθήνα : Αγροτική Τράπεζα της Ελλάδος, 1979
Θέματα:
Ετικέτες: Προσθήκη ετικέτας
Δεν υπάρχουν, Καταχωρήστε ετικέτα πρώτοι!

MARC

LEADER 00000cam a2200000 i 4500
001 1/44287
008 960223s1979 gre d
035 |l 10025940 
040 |a GR-MY-UA  |b gre  |e aacr 
041 0 |a gre 
082 0 |a 332.1752 
100 1 |a Μπαλτάς, Νικόλαος Κ. 
245 1 0 |a Εμπειρική διερεύνηση της αποταμιευτικής συμπεριφοράς και της ζήτησης καταθέσεων από τους ιδιώτες /  |c Ν. Κ. Μπαλτάς, Β. Τ. Δρούγκας 
260 |a Αθήνα :   |b Αγροτική Τράπεζα της Ελλάδος,   |c 1979 
300 |a 128 σ.;  |c 24 cm 
504 |a Περιέχει βιβλιογραφία 
650 0 0 |a Banks and banking  |z Greece. 
650 0 0 |a Bank deposits. 
700 1 |a Δρούγκας, Βασίλειος Τ. 
852 |a INST  |b CHIOS  |e 19960223  |h 332.1752 ΜΠΑ  |p 005200000878  |q 005200000878  |t BK  |y 0 
901 |a BIBL2-2000-2 
909 |a Χ  |b 007866 
970 |z 2000/08/ΔΕΜΕΝΑΓΑΣ